Các vấn đề sách giáo dục.

সংরক্ষণ করুন:
গ্রন্থ-পঞ্জীর বিবরন
বিন্যাস: সাময়িক পত্র
ভাষা:Vietnamese
প্রকাশিত: Hà Nội : Giáo dục, 2001.
বিষয়গুলি:
ট্যাগগুলো: ট্যাগ যুক্ত করুন
কোনো ট্যাগ নেই, প্রথমজন হিসাবে ট্যাগ করুন!
Thư viện lưu trữ: Mạng thư viện Đại học Đà Nẵng
LEADER 00647cas a2200265 i 4500
001 000049603
003 9508
005 20030916161251.0
008 010326b2001 vm 000 vie
040 |a IRC  |c IRC  |d IRC 
041 0 |a vie 
082 1 4 |a 370  |b Ca-V 
245 0 0 |a Các vấn đề sách giáo dục. 
260 |a Hà Nội :  |b Giáo dục,  |c 2001. 
300 |a 48tr. ;  |c 26,5cm. 
650 0 4 |a Giáo dục  |x Sách giáo khoa. 
OWN |a DUT 
999 |a From the UDN01 
TYP |a Printed language 
980 |a Mạng thư viện Đại học Đà Nẵng